000 00727cam a22002657a 4500
003 CHAP
005 20220817043150.0
008 971013s1958 r 00010 d
010 _a67221
011 _a68193
035 _a77665
040 _cCHAP
082 _a634
_bC43 1958
100 0 0 _aChandler, William Henry.
_921834
245 0 _aEvergreen orchards
250 _a2. ed.
260 _aPhiladelphia :
_bLea & Febiger,
_c1958
300 _a535 p.
_b: ilus.
590 _aBATCH-UPD
_b10
_c20130110
_lUCH01
_h0644
590 _aCONVERSION
_b10
_c20130109
_lUCH01
_h1337
650 1 4 _aArboles frutales.
901 _aBK
942 _cLIBRO
949 _a634 C43 1958
_bBC
_cLIBRO
_d33724000220950
_eLIBRO
_h72984
_i77665
_mD
_si
999 _c67221
_d67221